Catálogo

Manual de entrenamiento en habilidades DBT : (Registro nro. 41504)

Detalles MARC
000 -LEADER
fixed length control field 01785nam a2200397 i 4500
001 - CONTROL NUMBER
control field 41504
003 - CONTROL NUMBER IDENTIFIER
control field Mx-PuUPA
005 - DATE AND TIME OF LATEST TRANSACTION
control field 20260218152602.0
008 - FIXED-LENGTH DATA ELEMENTS--GENERAL INFORMATION
fixed length control field 140415s2021 sp a gr 001 0 spa d
017 ## - COPYRIGHT OR LEGAL DEPOSIT NUMBER
Copyright or legal deposit number CO 971-2021
020 ## - INTERNATIONAL STANDARD BOOK NUMBER
International Standard Book Number 9788412323146
040 ## - CATALOGING SOURCE
Original cataloging agency Mx-PuUPA
Language of cataloging spa
Transcribing agency Mx-PuUPA
Modifying agency Mx-PuUPA
Description conventions rda
041 1# - LANGUAGE CODE
Language code of text/sound track or separate title spa
Language code of original eng
100 1# - MAIN ENTRY--PERSONAL NAME
Personal name Linehan, Marsha,
Relator term autor
9 (RLIN) 17135
240 11 - UNIFORM TITLE
Uniform title [DBT Skills Training Manual].
Language of a work Español
245 10 - TITLE STATEMENT
Title Manual de entrenamiento en habilidades DBT :
Remainder of title para el terapeuta /
Statement of responsibility, etc. Marsha M. Linehan ; revisión y traducción a cargo de Pablo Gagliesi ; prólogo de la edición para España de la Dra. María Vicenta Navarro
246 14 - VARYING FORM OF TITLE
Title proper/short title Manual de entrenamiento de habilidades DBT :
Remainder of title para el/la terapeuta
250 ## - EDITION STATEMENT
Edition statement Primera edición /
Remainder of edition statement en castellano
264 #1 - PRODUCTION, PUBLICATION, DISTRIBUTION, MANUFACTURE, AND COPYRIGHT NOTICE
Place of production, publication, distribution, manufacture España :
Name of producer, publisher, distributor, manufacturer Psara Ediciones,
Date of production, publication, distribution, manufacture, or copyright notice 2021
300 ## - PHYSICAL DESCRIPTION
Extent 627 páginas :
Other physical details ilustraciones, tablas ;
Dimensions 29 cm
336 ## - CONTENT TYPE
Fuente rdacontent
Content type term texto
Content type code txt
337 ## - MEDIA TYPE
Source rdamedia
Media type term sin medio
Media type code n
338 ## - CARRIER TYPE
Source rdacarrier
Carrier type term volumen
Carrier type code nc
650 #7 - SUBJECT ADDED ENTRY--TOPICAL TERM
Source of heading or term armarc
Topical term or geographic name entry element Terapia conductual dialéctica
650 #7 - SUBJECT ADDED ENTRY--TOPICAL TERM
Source of heading or term armarc
Topical term or geographic name entry element Terapia de la conducta
650 #7 - SUBJECT ADDED ENTRY--TOPICAL TERM
Source of heading or term armarc
Topical term or geographic name entry element Psicoterapia
General subdivision Métodos
650 #7 - SUBJECT ADDED ENTRY--TOPICAL TERM
Source of heading or term armarc
Topical term or geographic name entry element Suicidio
General subdivision Prevención
700 1# - ADDED ENTRY--PERSONAL NAME
Personal name Gagliesi, Pablo,
Relator term traductor
700 1# - ADDED ENTRY--PERSONAL NAME
Personal name Navarro, María Vicenta,
Relator term prologuista
765 0# - ORIGINAL LANGUAGE ENTRY
Main entry heading Linehan, Marsha M.
Title [DBT Skills Training Manual]
942 ## - ADDED ENTRY ELEMENTS (KOHA)
Source of classification or shelving scheme Dewey Decimal Classification
Koha item type Libro
Classification part 616.89142
Item part L7318
Existencias
Withdrawn status Lost status Source of classification or shelving scheme Damaged status Not for loan Collection code Home library Current library Shelving location Date acquired Source of acquisition Cost, normal purchase price Total Checkouts Full call number Barcode Date last seen Cost, replacement price Price effective from Koha item type
    Dewey Decimal Classification     General Biblioteca Karol Wojtyla Biblioteca Karol Wojtyla Sala general 23/05/2025 11 1349.70   616.89142 L7318 2021 106031 05/01/2026 1349.70 23/05/2025 Libro